| 000 | 01047nam0a22002651 4500 | ||
|---|---|---|---|
| 001 | rc\3724493 | ||
| 005 | 20250610064922.0 | ||
| 021 |
_aRU _bП1163-71 |
||
| 035 | _a(NLR Aleph) 007775868 | ||
| 090 |
_a7517072 _c7517072 |
||
| 100 | _a20130115d1970 |||y0rusy50 ca | ||
| 101 | 0 | _arus | |
| 102 | _aRU | ||
| 105 | _ay z ||||| | ||
| 200 | 1 |
_aСоставление графиков работы на предприятиях железнодорожного транспорта _fМПС СССР. Центр. науч.-исслед. ин-т информации, техн.-экон. исследований и пропаганды ж.-д. транспорта |
|
| 210 |
_aМосква _cБ. и. _d1970 |
||
| 215 |
_a31 с. _d20 |
||
| 225 | 1 |
_aСерия: Охрана труда _vВып. 39 |
|
| 300 | _aВ конце текста авт.: инж. И.Л. Силин | ||
| 700 | 1 |
_aСилин _bИ.Л. _gИлья Львович |
|
| 801 | 0 |
_aRU _bNLR _gpsbo |
|
| 801 | 1 |
_aRU _bELAR _2rusmarc |
|
| 852 |
_aNLR _jП10/3049 |
||
| 942 | _cBOOK | ||
| 980 | _aNB | ||